000 00580nam a2200181Ia 4500
008 100917s9999 xx 000 0 und d
082 _b1129
100 _aवैद्य व्दारकानाथ गोविंद
245 _aमहादेव गोविंद रानडे
260 _b---
_c1915
300 _a67
365 _b0.25
520 _aचरित्र
630 _aमहादेव गोविंद रानडे
650 _aचरित्र
730 _aमहादेव गोविंद रानडे
942 _cBOOK
999 _c606523
_d606520